The answer ends with a Y - Statistics

General Stats
  • This quiz has been taken 38 times
  • The average score is 9 of 15
Answer Stats
Hint Answer % Correct
Country with Budapest as it's capital Hungary
94%
Country with Ankara as it's capital Turkey
91%
Country who's capital is Montevideo Uruguay
91%
Day which is Mercredi in French Wednesday
91%
Type of Irish stone you are meant to kiss to bring you good luck Blarney
84%
Country who's capital is Ascuncion Paraguay
84%
Actor who has played Batman and starred in the remake of Ocean's Eleven George Clooney
75%
First name of Ms Pickford, silent movie star and one of the founders of United Artists Mary
69%
Historic UK TV drama series starring Hugh Bonneville, Maggie Smith & Dan Stevens Downton Abbey
59%
Song which was a top 10 hit in both the UK and the US in 1958 for Little Richard Good Golly Miss Molly
44%
The only musician who has had UK number 1 singles as a soloist and part of a duo, trio, quartet and quintet Paul McCartney
44%
Last name of UK TV documentary maker Stacey Dooley
31%
UK Olympic diving champion Tom Daley
31%
City in Lincolnshire with a cathedral and an 'island' named after it Ely
25%
UK singer who has been having UK hits for 8 decades Shirley Bassey
9%
No matching quizzes found
Score Distribution
Percent of People with Each Score
Percentile by Number Answered
Your Score History
You have not taken this quiz